|
|
|
|
| LEADER |
00000nam0a2200000 4500 |
| 001 |
204978 |
| 005 |
20231101225242.0 |
| 010 |
|
|
|a 9785170689613
|
| 010 |
|
|
|a 978-5-271-29589-8
|
| 035 |
|
|
|a (RuTPU)RU\TPU\book\223428
|
| 090 |
|
|
|a 204978
|
| 100 |
|
|
|a 20111206d2010 m y0rusy50 ca
|
| 101 |
0 |
|
|a rus
|
| 102 |
|
|
|a RU
|
| 105 |
|
|
|a a j 001zy
|
| 200 |
1 |
|
|a Общая физика. Молекулярная физика. Термодинамика
|e тестовые задания с решениями и методическими указаниями
|f Д. Г. Барсегов [и др.]
|
| 210 |
|
|
|a Москва
|c АСТ
|c Астрель
|d 2010
|
| 215 |
|
|
|a 192 с.
|c ил.
|
| 225 |
1 |
|
|a Готовимся к сессии
|
| 320 |
|
|
|a Библиогр.: с. 191.
|
| 330 |
|
|
|a Предлагаемое методическое пособие представляет сборник тестовых заданий разного уровня по разделу "Молекулярная физика. Термодинамика" курса общей и экспериментальной физики, изучаемого в вузах. Тестовые задания снабжены решениями с необходимыми методическими указаниями, что позволяет эффективно использовать их в самостоятельной работе по предмету, при подготовке к сессии и промежуточным формам контроля знаний студентов по физике. Пособие будет полезно студентам физических и нефизических специальностей вузов, изучающим данный курс, а также выпускникам бакалавриатуры и специалитета для подготовки к вступительным экзаменам по физике в магистратуру и аспирантуру.
|
| 606 |
1 |
|
|a Физика
|2 stltpush
|3 (RuTPU)RU\TPU\subj\63709
|9 80688
|
| 610 |
1 |
|
|a общая физика
|
| 610 |
1 |
|
|a термодинамика
|
| 610 |
1 |
|
|a молекулярно-кинетическая теория
|
| 610 |
1 |
|
|a конденсированные среды
|
| 610 |
1 |
|
|a реальные газы
|
| 610 |
1 |
|
|a жидкости
|
| 610 |
1 |
|
|a твердые тела
|
| 610 |
1 |
|
|a тестовые задания
|
| 610 |
1 |
|
|a методические пособия
|
| 675 |
|
|
|a 53(076)
|v 3
|
| 701 |
|
1 |
|a Барсегов
|b Д. Г.
|
| 701 |
|
1 |
|a Греков
|b А. А.
|
| 701 |
|
1 |
|a Касаткина
|b И. Л.
|
| 701 |
|
1 |
|a Мастропас
|b З. П.
|
| 801 |
|
1 |
|a RU
|b 63413507
|c 20111206
|
| 801 |
|
2 |
|a RU
|b 63413507
|c 20120926
|g RCR
|
| 900 |
|
|
|a Физика
|
| 900 |
|
|
|a Молекулярная физика
|
| 900 |
|
|
|a Термодинамика
|
| 942 |
|
|
|c BK
|